Bankový sektor na Slovensku začal prípravu na implementáciu nových pravidiel na reguláciu
Prípravy Bazilejského výboru pre bankový dohľad na zverejnenie a záverečnú diskusiu nových pravidiel na bankovú reguláciu, známych ako Nová bazilejská dohoda o kapitáli (The New Basel Capital Accord - NBCA).
Saved in:
| Main Author: | |
|---|---|
| Format: | Book Chapter |
| Language: | Slovak |
| Subjects: | |
| Tags: |
No Tags, Be the first to tag this record!
|
MARC
| LEADER | 00000naa a2200000 4500 | ||
|---|---|---|---|
| 001 | r047507 | ||
| 005 | 20220729103750.4 | ||
| 041 | 0 | |a slo | |
| 044 | |a SK | ||
| 245 | 1 | 0 | |a Bankový sektor na Slovensku začal prípravu na implementáciu nových pravidiel na reguláciu |c Ľubor Malina |
| 520 | |a Prípravy Bazilejského výboru pre bankový dohľad na zverejnenie a záverečnú diskusiu nových pravidiel na bankovú reguláciu, známych ako Nová bazilejská dohoda o kapitáli (The New Basel Capital Accord - NBCA). | ||
| 610 | 2 | 0 | |a bankovníctvo |
| 610 | 2 | 0 | |a banky |
| 610 | 2 | 0 | |a dohľad bankový |
| 610 | 2 | 0 | |a kapitál |
| 610 | 2 | 0 | |a regulácia |
| 610 | 2 | 0 | |a dohody medzinárodné |
| 610 | 2 | 0 | |a Bazilej II |
| 610 | 2 | 0 | |a primeranosť kapitálová |
| 610 | 2 | 0 | |a riziko bankové |
| 100 | 1 | |a Malina, Ľubor | |